Radiohead Songs By Album - Statistics

General Stats
  • This quiz has been taken 46 times
  • The average score is 63 of 81
Answer Stats
Question Tile Select % Correct
Pablo Honey Songs Idioteque No
100%
Pablo Honey Songs Creep Yes
97%
OK Computer Songs Morning Bell No
97%
Pablo Honey Songs Morning Bell/Amnesiac No
97%
Pablo Honey Songs We Suck Young Blood No
97%
OK Computer Songs Airbag Yes
94%
OK Computer Songs Exit Music (For A Film) Yes
94%
OK Computer Songs Karma Police Yes
94%
The Bends Songs Lucky No
94%
Kid A Songs Sulk No
94%
OK Computer Songs Thinking About You No
94%
OK Computer Songs Bullet Proof...I Wish I Was No
91%
The Bends Songs Dollars and Cents No
91%
The Bends Songs In Limbo No
91%
Kid A Songs Kid A Yes
91%
OK Computer Songs Let Down Yes
91%
Kid A Songs No Surprises No
91%
OK Computer Songs Paranoid Android Yes
91%
Pablo Honey Songs You Yes
91%
The Bends Songs Fake Plastic Trees Yes
88%
In Rainbows Songs Give Up The Ghost No
88%
The Bends Songs High and dry Yes
88%
Kid A Songs How to Disappear Completely Yes
88%
In Rainbows Songs Nude Yes
88%
Kid A Songs How Do You? No
85%
In Rainbows Songs 15 Step Yes
82%
The Bends Songs Black Star Yes
82%
In Rainbows Songs Bodysnatchers Yes
82%
Kid A Songs Everything In Its Right Place Yes
82%
In Rainbows Songs Faust Arp Yes
82%
The King Of Limbs Songs Lotus Flower Yes
82%
The Bends Songs Planet Telex Yes
82%
In Rainbows Songs Present tense No
82%
Pablo Honey Songs Ripcord Yes
82%
OK Computer Songs Subterranean Homesick Alien Yes
82%
In Rainbows Songs The Gloaming No
82%
In Rainbows Songs Weird Fishes / Arpeggi Yes
82%
Amnesiac Songs Fitter Happier No
79%
The Bends Songs My Iron Lung Yes
79%
Kid A Songs The National Anthem Yes
79%
The King Of Limbs Songs Bloom Yes
76%
A Moon Shaped Pool Songs Burn The Witch Yes
76%
The King Of Limbs Songs Codex Yes
76%
A Moon Shaped Pool Songs Glass Eyes Yes
76%
Hail To The Thief Songs House Of Cards No
76%
A Moon Shaped Pool Songs Jigsaw Falling Into Place No
76%
Amnesiac Songs Pyramid Song Yes
76%
The King Of Limbs Songs Reckoner No
76%
Hail To The Thief Songs Sail To The Moon Yes
76%
Pablo Honey Songs Vegetable Yes
76%
A Moon Shaped Pool Songs Videotape No
76%
Hail To The Thief Songs 2+2+5 Yes
73%
In Rainbows Songs All I Need Yes
73%
Amnesiac Songs Anyone Can Play Guitar No
73%
Pablo Honey Songs Prove Yourself Yes
73%
Amnesiac Songs Street Spirit (Fade Out) No
73%
The King Of Limbs Songs There, There No
73%
A Moon Shaped Pool Songs Daydreaming Yes
70%
A Moon Shaped Pool Songs Desert Island Disk Yes
70%
Kid A Songs Optimistic Yes
70%
Amnesiac Songs Packt Like Sardines In a Crushed Tin Box Yes
70%
Amnesiac Songs Pulk/Pull Revolving Doors Yes
70%
Hail To The Thief Songs Sit down. Stand Up Yes
70%
Hail To The Thief Songs Where I End and You Begin Yes
70%
Amnesiac Songs You And Whose Army Yes
70%
A Moon Shaped Pool Songs Decks Dark Yes
67%
Amnesiac Songs Knives Out Yes
67%
The Bends Songs (Nice Dream) Yes
67%
Pablo Honey Songs Stop Whispering Yes
67%
Kid A Songs Treefingers Yes
67%
Hail To The Thief Songs Hunting Bears No
64%
The King Of Limbs Songs Morning Mr Magpie Yes
64%
A Moon Shaped Pool Songs Ful Stop Yes
61%
Amnesiac Songs I Might Be Wrong Yes
61%
The King Of Limbs Songs Little by Little Yes
61%
A Moon Shaped Pool Songs Separator No
61%
Hail To The Thief Songs Tinker Tailor Sailor Soldier Rich Man Poor Man Beggar Man Thief No
61%
Hail To The Thief Songs Backdrifts Yes
58%
Hail To The Thief Songs Go To Sleep Yes
58%
The King Of Limbs Songs Ferel Yes
52%
The King Of Limbs Songs Identikit No
48%
No matching quizzes found
Score Distribution
Percent of People with Each Score
Percentile by Number Answered
Your Score History
You have not taken this quiz